000 01578nam a22003497a 4500
003 KnowledgeUnlatched
005 20210303104749.0
006 m o d
007 cr u||||||||||
008 210129p20202020xx o u00| u eng d
037 _5BiblioBoard
245 0 0 _aEIB Financial Report 2019
_cEuropean Investment Bank.
020 _a9789286145759
024 8 _ahttps://doi.org/10.2867/935032
029 1 _ahttps://library.biblioboard.com/ext/api/media/e3411a6b-372c-42b1-b74d-b879648afe42/assets/thumbnail.jpg
040 _aScCtBLL
_cScCtBLL
100 1 _aEuropean Investment Bank
_eauthor.
264 1 _bEuropean Investment Bank,
300 _a1 online resource (1 p.)
506 0 _aAccess copy available to the general public.
_fUnrestricted
_2star
520 _aIn 2019, the Bank's lending signatures amounted to EUR 63.3 billion. This report includes the 2019 financial statements and audit report both for the EIB and the EIB Group.
588 0 _aDescription based on print version record.
590 _aKU Open Services
650 7 _aBusiness & Economics / Finance
_2bisacsh
650 0 _aEconomics
655 0 _aElectronic books.
758 _iIs found in:
_aKnowledge Unlatched
_1https://openresearchlibrary.org/module/2774bc74-146a-484f-a7ba-ab1d6a09bbfb
856 4 0 _uhttps://openresearchlibrary.org/content/e3411a6b-372c-42b1-b74d-b879648afe42
_zView this content on Open Research Library.
_70
999 _c32558
_d32558